[Event "Hebraica op 26th"]
[Site "Hebraica"]
[Date "2019.01.11"]
[Round "2"]
[White "Mascarenhas, Alfredo C Viana"]
[Black "Amaral, Danilo Tokechi"]
[Result "1-0"]
[WhiteElo "1776"]
[BlackElo "1360"]
[PlyCount "89"]
[EventDate "2019.01.11"]
[EventType "swiss"]
[EventRounds "6"]
[EventCountry "BRA"]
[SourceTitle "EXT 2020"]
[Source "ChessBase"]
[SourceDate "2019.10.17"]
[SourceVersion "1"]
[SourceVersionDate "2019.10.17"]
[SourceQuality "1"]

1. d4 Nf6 2. c4 g6 3. f3 Bg7 4. e4 d6 5. Nc3 0-0 6. Be3 Na6 7. Qd2 c5 8. d5 Nc7 9. Nge2 b5 10. cxb5 a6 11. Ng3 axb5 12. Bxb5 Nxb5 13. Nxb5 Ba6 14. Nc3 Qb6 15. Kf2 Rfb8 16. Rab1 Nd7 17. h4 Ne5 18. b3 Qb4 19. Na4 Nd3+ 20. Kg1 Qxd2 21. Bxd2 Bd4+ 22. Kh2 Bb5 23. Ne2 Bxa4 24. Nxd4 cxd4 25. bxa4 Rxb1 26. Rxb1 Rxa4 27. Bh6 Ra8 28. Rb7 e6 29. dxe6 fxe6 30. Rg7+ Kh8 31. Rd7 Ne1 32. Rxd6 d3 33. Rxe6 Kg8 34. Rf6 Rd8 35. Bd2 Kg7 36. e5 Nc2 37. Rd6 Ra8 38. Rd7+ Kf8 39. Rxd3 Rxa2 40. Rd7 h5 41. e6 Na1 42. Bg5 Re2 43. e7+ Ke8 44. Rd8+ Kf7 45. Rf8+ 1-0